| 000 | 00706nam a22001697a 4500 | ||
|---|---|---|---|
| 999 |
_c61451 _d61451 |
||
| 005 | 20240314171350.0 | ||
| 008 | 240314s1983 ru ||||| |||| 00| 0 rus d | ||
| 041 | _arus | ||
| 080 | _a902.6 C-20 | ||
| 100 |
_aСарианиди, Виктор Иванович _921431 |
||
| 245 |
_aАфганистан : сокровища безымянных царей / _cВ. И. Сарианиди. |
||
| 264 |
_aМосква : _bНаука, _c1983. |
||
| 300 |
_a159 с.: _b ил.; _c20 см. |
||
| 653 | _aარქეოლოგიური ძეგლები - ავღანეთი | ||
| 653 | _aავღანური მხატვრული ოქროს ნივთები | ||
| 942 |
_2udc _cBK |
||